عرض عادي عرض مارك
  • Harrington, Scott,

مدخل إسم شخص

عدد التسجيلات المستخدمة في: 1

001 - رقم الضبط

  • حقل الضبط: 10110

003 - معرف رقم الضبط

  • حقل الضبط: OSt

005 - تاريخ ووقت أخر عملية

  • حقل الضبط: 20120404180020.0

008 - عناصر بيانات ثابتة الطول

  • حقل تحكم ثابت الطول: 120404|||a|||||| | ||| d

040 ## - مصدر الفهرسة

  • هيئة الفهرسة الأصلية: OSt
  • وكالة الكتابة: OSt

100 ## - مدخل -- أسم شخص

  • إسم شخص: Harrington, Scott,
  • العنوان و الكلمات الأخري المرتبطة بالأسم: PharmD.

670 ## - بيانات المصدر موجوده

  • الاستشهاد بالمصدر: Work cat.: (OSt)0: Lilley, Linda Lane. 10109, Pharmacology and the nursing process /, c2005.